| 000 | 00846nam a2200265 a 4500 | ||
|---|---|---|---|
| 001 | 787 | ||
| 003 | BR-CuiBMT | ||
| 005 | 20231117180223.0 | ||
| 008 | 231110s2010 spb 001 0 por d | ||
| 020 | _a9788574209944 | ||
| 040 |
_aBR-CuiBMT _cBR-CuiBMT |
||
| 080 |
_22007 _a342.9 |
||
| 090 |
_a342.9 _bM527c _c27. ed. |
||
| 100 | 1 |
_aMello, Celso Antônio Bandeira de, _d1936- |
|
| 245 | 1 | 0 |
_aCurso de direito administrativo / _cCelso Antônio Bandeira de Mello. |
| 250 | _a27. ed. rev. e atual. | ||
| 260 |
_aSão Paulo : _bMalheiros, _c2010. |
||
| 300 |
_a1119 p. ; _c21 cm |
||
| 500 | _aEdição revista e atualizada até a Emenda Constitucional 64, de 4.2.2010. | ||
| 504 | _aInclui bibliografia e índice. | ||
| 650 | _aDireito administrativo | ||
| 650 | _aAdministração pública | ||
| 650 | _aAtos administrativos | ||
| 942 |
_2udc _cLV |
||
| 999 |
_c787 _d787 |
||